Central Library OPAC University of Rajshahi

Nina Balatka : (Record no. 84659)

MARC details
000 -LEADER
fixed length control field 00812nam a2200241 a 4500
001 - CONTROL NUMBER
control field 84659
003 - CONTROL NUMBER IDENTIFIER
rucl marc code BD-RjUL
005 - DATE AND TIME OF LATEST TRANSACTION
control field 20250210150502.0
008 - FIXED-LENGTH DATA ELEMENTS--GENERAL INFORMATION
fixed length control field 250210s1951 enkb b 000 1 eng
035 ## - SYSTEM CONTROL NUMBER
System control number (BD-RjUL)84659
040 ## - CATALOGING SOURCE
Original cataloging agency DLC
Transcribing agency DLC
Modifying agency DLC
-- BD-RjUL
Language of cataloging eng
041 ## - LANGUAGE CODE
Language code of text/sound track or separate title eng
082 00 - DEWEY DECIMAL CLASSIFICATION NUMBER
Edition number 20
Classification number 823.8
Author mark and year TRN 1951
100 1# - MAIN ENTRY--PERSONAL NAME
Personal name Trollope, Anthony.
Dates associated with a name 1815-1882.
245 00 - TITLE STATEMENT
Title Nina Balatka :
Remainder of title Linda Tressel /
Statement of responsibility, etc. Anthony Trollope
260 ## - PUBLICATION, DISTRIBUTION, ETC. (IMPRINT)
Place of publication, distribution, etc. Oxford ;
-- New York :
Name of publisher, distributor, etc. Oxford University Press,
Date of publication, distribution, etc. 1946, [reprinted 1951]
300 ## - PHYSICAL DESCRIPTION
Pagination 383 p. :
Illustrations ill. ;
Size 19 cm.
651 #0 - SUBJECT ADDED ENTRY--GEOGRAPHIC NAME
Geographic name Czechoslovakia
General subdivision Social life and customs
Chronological subdivision 19th century
General subdivision Fiction.
9 (RLIN) 14939
Geographic name Germany
General subdivision Social life and customs
Chronological subdivision 19th century
General subdivision Fiction.
9 (RLIN) 14940
942 ## - ADDED ENTRY ELEMENTS (KOHA)
Source of classification or shelving scheme Dewey Decimal Classification
Koha item type Books
Holdings
Lost status Source of classification or shelving scheme Damaged status Not for loan Collection code Permanent Location Current Location Shelving location Date acquired Source of acquisition Cost, normal purchase price Total Checkouts Full call number Date last seen Copy number Koha item type
  Dewey Decimal Classification   Not For Loan Fiction Central Library, University of Rajshahi Central Library, University of Rajshahi Reading Room 25/10/1954 O.U.P. 2.13   823.8 TRN 1951 10/02/2025 C-1 Books